|
|
|
|
| LEADER |
00000ckm a2200000 a 4500 |
| 001 |
vtls011704714 |
| 003 |
SK-MaSNL |
| 005 |
20260301141054.0 |
| 007 |
kf bo |
| 008 |
230706q1947 xo g kuslo |
| 015 |
|
|
|a SNBG1947
|
| 035 |
|
|
|a urn:nbn:sk:snk-km00dudm
|
| 035 |
|
|
|a urn:nbn:sk:snk-km3ltoe
|
| 035 |
|
|
|a 096E801F-7E85-4745-894C-58FD819F5CFA
|
| 040 |
|
|
|a SNK
|b slo
|c SNK
|e AACR2
|
| 041 |
0 |
|
|a slo
|
| 043 |
|
|
|a e-xo---
|
| 044 |
|
|
|a xo
|c SK
|
| 072 |
|
7 |
|a 913
|x Regionálna geografia
|2 konspekt
|
| 080 |
|
|
|a 913(437.6)
|2 2011
|
| 080 |
|
|
|a (084.121)
|2 2011
|
| 080 |
|
|
|a 911.373
|2 2011
|
| 080 |
|
|
|a 721
|2 2011
|
| 080 |
|
|
|a 711.73
|2 2011
|
| 080 |
|
|
|a 711.437
|2 2011
|
| 080 |
|
|
|a 726:27-523.42
|2 2011
|
| 245 |
0 |
0 |
|a Selce
|h grafika
|
| 260 |
|
|
|a [Slovensko?]
|b [vydavateľ neznámy]
|c [1947?]
|
| 300 |
|
|
|a 1 pohľadnica (4 čiastkové pohľady)
|b čiernobiela
|c 10 x 14 cm
|
| 500 |
|
|
|a Názvové údaje prevzaté z obrazovej časti pohľadnice
|
| 520 |
8 |
|
|a Zobrazenie: V bielom orámovaní na čiernom podklade v bielom orámovaní pohľady na domy, kostol a ulice obce
|
| 650 |
0 |
7 |
|a ulice
|2 SNKPH
|9 2938
|
| 650 |
0 |
7 |
|a obce
|2 SNKPH
|9 2935
|
| 650 |
0 |
7 |
|a budovy
|2 SNKPH
|9 1283
|
| 650 |
0 |
7 |
|a kostoly
|2 SNKPH
|9 3023
|
| 651 |
|
7 |
|a Selce (Poltár, Slovensko)
|2 SNKPHgeo
|9 175120
|
| 655 |
|
7 |
|a miestne pohľadnice
|2 SNKPH
|9 70510
|
| 852 |
|
|
|a Slovenská národná knižnica
|
| 958 |
|
|
|a GBN
|
| 958 |
|
|
|a GC
|
| 958 |
|
|
|a ONDV
|
| 999 |
|
|
|c 765930
|d 767860
|
| 952 |
|
|
|a SNK
|b SNK
|y PREZ
|7 0
|p 17A1225597
|o snkSP 21123
|z Pohľadnica prešla poštou. ; Pohľadnica má zúbkované okraje.
|0 0
|1 0
|4 0
|d 2017-07-28
|f 1
|l 0
|r 2026-02-24 00:18:53
|w 2026-02-24
|